Gendering class in Latin America: how women effect and experience change in the class structure /

Guardado en:
Bibliografiske detaljer
Hovedforfatter: Bellone Hite, Amy
Andre forfattere: Vterna, Jocelyn S.
Format: Texto
Fag:
Tags: Tilføj Tag
Ingen Tags, Vær først til at tagge denne postø!

MARC

LEADER 00000 a a2200000 04500
001 9273
003
040
100 |a Bellone Hite, Amy  
245 |a Gendering class in Latin America:   |b how women effect and experience change in the class structure /  |c Amy Bellone Hite ; Jocelyn S. Vterna 
650 |a TRABAJADORAS  
650 |a CLASES SOCIALES  
650 |a CAMBIO ECONOMICO  
650 |a CAMBIO SOCIAL  
650 |a RELACIONES DE PODER  
650 |a RELACIONES DE GENERO  
650 |a ANALISIS DE GENER0  
650 |a AMERICA LATINA  
650 |a TRABAJO  
650 |a POBREZA  
650 |a GENERO  
700 |a Vterna, Jocelyn S.  
773 |g volumen 40, número 2; páginas 50-82  
999 |c 33571  |d 33571